000
00290nam a22000977a 4500
008
220613b ||||| |||| 00| 0 eng d
100
_a
Groet, John
245
_a
Topical Stamp Collecting: A universal Hobby for Seniors (ATA Handbook #148)
650
_a
topical collecting
700
_a
Cartier, Ray
999
_c
3416
_d
3416